Argumentácia medzi nadriadeným a podriadeným

Empatie kolegov a argumentácia. Pravidlá dodržiavania úspešnej argumentácie na pracovisku. Dôležité paradigmy a ich používanie pri rokovaní. Zručnosť a zdatnosť argumentácie. Znalosť problému pri argumentovaní. Príklady z praxe.

Salvato in:
Dettagli Bibliografici
Autore principale: Medlíková, Olga
Natura: Capitolo di libro
Lingua:slovacco
Soggetti:
Tags: Aggiungi Tag
Nessun Tag, puoi essere il primo ad aggiungerne!!

MARC

LEADER 00000naa$a2200000$$$4500
001 0099354
005 20230908072053.6
041 0 |a slo 
044 |a SK 
245 1 0 |a Argumentácia medzi nadriadeným a podriadeným  |c Olga Medlíková 
520 |a Empatie kolegov a argumentácia. Pravidlá dodržiavania úspešnej argumentácie na pracovisku. Dôležité paradigmy a ich používanie pri rokovaní. Zručnosť a zdatnosť argumentácie. Znalosť problému pri argumentovaní. Príklady z praxe. 
610 2 0 |a diskusia 
610 2 0 |a kolektív pracovný 
610 2 0 |a podriadení 
610 2 0 |a nadriadení 
610 2 0 |a komunikácia interná 
610 2 0 |a empatia 
610 2 0 |a argumentácia 
100 1 |a Medlíková, Olga